01411nam0a22002531 4500001001100000005001700011021001900028035002600047100004100073101000800114102000700122105001800129200034800147210004500495215001500540606014700555702003200702702003200734712014200766712019100908801001801099801002201117852001801139rc\374434220260407192307.0 aRUb[70-85532] a(NLR Aleph) 007871567 a20130115d1970 |||y0rusy50 ca0 arus aRU ay z |||||1 aСанаторно-курортное лечение больных с заболеванием почекe[Материалы конференцииfПод ред. профессоров Г.П. Шульцева и А.П. Пелещука]gВЦСПС. Центр. совет по управлению курортами профсоюзов aМоскваc[Профиздат]d1970 a48 с.d26 aПочечные болезниxЛечение курорто-бальнео-физиотерапевтическоеjСборники2psbo 1aПелещукbА.П.4340 1aШульцевbГ.П.434002aВЦСПСbЦентральный совет по управлению курортами профсоюзов3RU\NLR\AUTH\881012566212aКонференция по сан.-курортному лечению больных хрон. гломерулонефритами и хрон. пиелонефритами (Ялта) 0aRUbNLRgpsbo 1aRUbELAR2rusmarc aNLRj70-7/495